Quiz Star Wars #3 - Statistiques

Statistiques générales
  • Ce quiz a été pris 171 fois
  • Le résultat moyen est 9 sur 10
Statistiques - réponses
Question Réponse % Correct
Quel groupe indigène aide les Rebelles à vaincre les troupes impériales sur Endor ? Les Ewoks
97%
Qui accompagne Luke pour tenter de ramener Dark Vador du côté lumineux de la Force ? Personne, il y va seul
97%
Comment Dark Vador meurt-il ? Il est mortellement blessé en sauvant Luke de l'Empereur
96%
Comment s'appelle la planète forestière où se déroule la bataille finale contre l'Empire ? Endor
91%
Que devient l'Empereur Palpatine à la fin du film ? Il est tué par Dark Vador
89%
Quel est le nom de la nouvelle Étoile Noire que l'Empire construit dans ce film ? L'Étoile de la Mort
89%
Qui tue Jabba le Hutt ? Leia Organa
87%
Quel est le plan de Luke et ses amis pour libérer Han Solo du palais de Jabba le Hutt ? Déguiser Leia en chasseur de primes
77%
Qui détruit l'Étoile Noire dans ce film ? Wedge Antilles et Lando Calrissian
74%
Quel secret important Leia apprend-elle dans ce film ? Toutes les réponses précédentes
54%
Aucun quiz correspondant
Distribution des résultats
% des personnes avec chaque résultat
Percentile par nombre de réponses
Votre historique - résultats
Vous n’avez pas pris ce quiz